000 01001nam a22002055i 4500
001 155211
003 ES-MaACL
005 20250809040614.0
008 940202s1835 sp a |||| | spa d
040 _aAS
_bspa
100 1 _aHeineccius, Johann Gottlieb (
_d1681-1741)
_9127831
245 1 0 _aRecitaciones del derecho civil /
_cde J. Heinecio ; traducción al castellano, enriquecida con notas y adiciones considerables por Luis de Collantes y Bustamante ; y aumentado con un apéndice de las materias más notables del Derecho real de España por un abogado del Colegio de esta corte.
260 _aMadrid :
_b[s.n.],
_c1835 (
_fImprenta de Don Pedro Sanz)
300 _a3 v.(52, 361 p., [2] h. pleg. ; 362-700 p., [2]h. pleg. ; 292 p.) ;
_c16 cm.
650 7 _aDerecho civil
_2embne
_911656
700 0 1 _aAbogado del Colegio de esta Corte, Un.
_9125532
700 1 _aCollantes y Bustamante, Luis de.
_9126541
852 _aES-MaACL
_jD-3812-14
_z-- Enc. pasta
999 _c155211
_d155211